00441nam a2200109Ia 4500008004100000050002300041100002700064245010700091260008600198300002000284521002700304140724s9999 xx 000 0 und d aT 58.6b.Uy97 2014 aUy, Johann Emmanuel C. aAutomated grading system for Advance Resources and Creative Solutions School /cJohann Emmanuel C. Uy. aLas Piñas, Philippines :bSouthville International School and Colleges,cc2014. a91 p. :c28 cm. aInformation Technology